Bible by Letters - Q, X, Y and Z - Statistics

General Stats
  • This quiz has been taken 41 times
  • The average score is 8 of 15
Answer Stats
Hint Answer % Correct
The Israelite's holy mountain Zion
83%
What made bread 'leaven' Yeast
81%
King of Persia at one point, mentioned in the Bible Xerxes
75%
Athaliah, Esther, Jezebel to name a few Queen
69%
God's name, shortened to YHWH in the original Bible Yahweh
64%
"For my ____ is easy and my burden is light" Yoke
61%
Books of the Bible starting with 'Z' Zechariah
58%
Word used once in the Bible to describe arguing Quarrel
56%
Books of the Bible starting with 'Z' Zephaniah
53%
Disciple: Simon the ______ Zealot
50%
Along with manna, a food that God gave the Israelites Quail
47%
Instrument that was played in ancient times Zither
44%
Father of John the beloved and James Zebedee
31%
Short tax collector Zacchaeus
28%
One of the tribes of Israel Zebulun
25%
No matching quizzes found
Score Distribution
Percent of People with Each Score
Percentile by Number Answered
Your Score History
You have not taken this quiz